LIBRARY ONLINE CATALOGUE

Introduction to plasma physics / (Record no. 6543)

MARC details
000 -LEADER
fixed length control field 00655cam a22002172 4500
001 - CONTROL NUMBER
control field 0000003817
005 - DATE AND TIME OF LATEST TRANSACTION
control field 20151217151935.0
008 - FIXED-LENGTH DATA ELEMENTS--GENERAL INFORMATION
fixed length control field 070515s xx 000 0 eng d
020 ## - INTERNATIONAL STANDARD BOOK NUMBER
International Standard Book Number 075030183X :
Terms of availability GBP 38.99
040 ## - CATALOGING SOURCE
Original cataloging agency KABU
Transcribing agency KABU
050 #0 - LIBRARY OF CONGRESS CALL NUMBER
Classification number QC718
Item number .G65
100 1# - MAIN ENTRY--PERSONAL NAME
Personal name Goldston, Robert J.
-- 0000154000
245 10 - TITLE STATEMENT
Title Introduction to plasma physics /
Statement of responsibility, etc. Robert J. Goldston and Paul H. Ritherford.
260 ## - PUBLICATION, DISTRIBUTION, ETC. (IMPRINT)
Place of publication, distribution, etc. London :
Name of publisher, distributor, etc. IOP,
Date of publication, distribution, etc. 1995.
300 ## - PHYSICAL DESCRIPTION
Extent xv, 491 p.
650 #0 - SUBJECT ADDED ENTRY--TOPICAL TERM
Topical term or geographic name as entry element Plasma (Ionized gases)
-- 0000067790
700 1# - ADDED ENTRY--PERSONAL NAME
Personal name Rutherford, Paul H.
-- 0000154001
908 ## - PUT COMMAND PARAMETER (RLIN)
Put command parameter 070515
950 ## - LOCAL HOLDINGS (RLIN)
-- 1
Holdings
Withdrawn status Lost status Source of classification or shelving scheme Not for loan Home library Current library Date acquired Total Checkouts Full call number Barcode Date last seen Price effective from Koha item type
    Library of Congress Classification   Kabarak, Main Campus Kabarak, Main Campus 17/12/2015   QC718 .G65 010328 17/12/2015 17/12/2015 General Collection